Central Library OPAC University of Rajshahi

Studies in Chinese thought / (Record no. 30478)

MARC details
000 -LEADER
fixed length control field 01158cam a22002891 4500
001 - CONTROL NUMBER
control field 30478
003 - CONTROL NUMBER IDENTIFIER
rucl marc code BD-RjUL
005 - DATE AND TIME OF LATEST TRANSACTION
control field 20211209051554.0
008 - FIXED-LENGTH DATA ELEMENTS--GENERAL INFORMATION
fixed length control field 140410s1953 nyua b 101 0 eng d
035 ## - SYSTEM CONTROL NUMBER
System control number (BD-RjUL)30564
040 ## - CATALOGING SOURCE
Original cataloging agency DLC
Transcribing agency DLC
Modifying agency DLC
-- BD-RjUL
Language of cataloging eng
041 ## - LANGUAGE CODE
Language code of text/sound track or separate title eng
082 00 - DEWEY DECIMAL CLASSIFICATION NUMBER
Classification number 181.1
Author mark and year STU 1953
245 #0 - TITLE STATEMENT
Title Studies in Chinese thought /
Statement of responsibility, etc. edited by Arthur F. Wright ; with contributions by Derk Bodde [and others.]
260 ## - PUBLICATION, DISTRIBUTION, ETC. (IMPRINT)
Place of publication, distribution, etc. Chicago :
Name of publisher, distributor, etc. University of Chicago Press,
Date of publication, distribution, etc. 1953.
300 ## - PHYSICAL DESCRIPTION
Pagination xiv, 317 p. :
Illustrations illus. ;
Size 25 cm.
500 ## - GENERAL NOTE
General note Based on papers presented at a conference held by a subcommittee on Chinese thought attached to the Committee on Far Eastern Studies jointly sponsored by the American Council of Learned Societies and the Far Eastern Association.
504 ## - BIBLIOGRAPHY, ETC. NOTE
Bibliography, etc Includes bibliographies.
650 #0 - SUBJECT ADDED ENTRY--TOPICAL TERM
Topical term or geographic name as entry element Philosophy, Chinese.
9 (RLIN) 50578
Topical term or geographic name as entry element Chinese language
General subdivision Translating.
9 (RLIN) 92616
651 #0 - SUBJECT ADDED ENTRY--GEOGRAPHIC NAME
Geographic name China
General subdivision Civilization.
9 (RLIN) 92617
700 1# - ADDED ENTRY--PERSONAL NAME
Personal name Wright, Arthur F.,
942 ## - ADDED ENTRY ELEMENTS (KOHA)
Source of classification or shelving scheme Dewey Decimal Classification
Koha item type Books
Holdings
Lost status Source of classification or shelving scheme Damaged status Not for loan Collection code Permanent Location Current Location Shelving location Date acquired Source of acquisition Cost, normal purchase price Total Checkouts Full call number Date last seen Copy number Koha item type
  Dewey Decimal Classification   Not For Loan Non-fiction Central Library, University of Rajshahi Central Library, University of Rajshahi Reading Room 06/01/1969 Zeitlinger 22.00   181.1 STU 1953 10/04/2014 C-1 Books